Statistical physics (Record no. 1211478)

MARC details
000 -LEADER
fixed length control field 00921nam a2200301Ia 4500
003 - CONTROL NUMBER IDENTIFIER
control field OSt
005 - DATE AND TIME OF LATEST TRANSACTION
control field 20221007123156.0
008 - FIXED-LENGTH DATA ELEMENTS--GENERAL INFORMATION
fixed length control field 221006b |||||||| |||| 00| 0 eng d
020 ## - INTERNATIONAL STANDARD BOOK NUMBER
International Standard Book Number 9788126546725 (pbk)
037 ## - SOURCE OF ACQUISITION
Terms of availability Textual
040 ## - CATALOGING SOURCE
Original cataloging agency PAPL
Transcribing agency PAPL
Language of cataloging eng
041 ## - LANGUAGE CODE
Source of code eng
Language code of text/sound track or separate title eng
100 ## - MAIN ENTRY--PERSONAL NAME
Personal name Mandl F.
9 (RLIN) 631603
245 #0 - TITLE STATEMENT
Title Statistical physics
250 ## - EDITION STATEMENT
Edition statement 2nd ed.
260 ## - PUBLICATION, DISTRIBUTION, ETC.
Place of publication, distribution, etc. New
Name of publisher, distributor, etc. Delhi John Wiley india
Date of publication, distribution, etc. 1988
300 ## - PHYSICAL DESCRIPTION
Extent xv, 385p. ill.
Dimensions cm.
500 ## - GENERAL NOTE
General note Bibliography 3474-377p.; Index 379-385p.; Reprint 2018
650 ## - SUBJECT ADDED ENTRY--TOPICAL TERM
Topical term or geographic name entry element Paramagnetism
9 (RLIN) 716731
650 ## - SUBJECT ADDED ENTRY--TOPICAL TERM
Topical term or geographic name entry element Simple thermodynamic systems
9 (RLIN) 716732
650 ## - SUBJECT ADDED ENTRY--TOPICAL TERM
Topical term or geographic name entry element Physics
942 ## - ADDED ENTRY ELEMENTS (KOHA)
Classification part CN2, M8;2-;11 Carpa
Koha item type Textual
Source of classification or shelving scheme Colon Classification (CC)
Holdings
Withdrawn status Lost status Source of classification or shelving scheme Damaged status Not for loan Home library Current library Date acquired Source of acquisition Total Checkouts Full call number Barcode Date last seen Price effective from Koha item type
    Colon Classification (CC)     Department of Physics and Astrophysics Library Department of Physics and Astrophysics Library 2022-10-07 9588, 17/02/2020, Puja Books   CN2 M8;2-;11 Carpa PA0007587 2022-10-07 2022-10-07 Textual
Copyright @ Delhi University Library System